Online katalóg knižníc regiónu Turca

V toku (Record no. 22671)

MARC details
000 -LEADER
fixed length control field 01233cam a2200409 a 4500
001 - CONTROL NUMBER
control field 22671
003 - CONTROL NUMBER IDENTIFIER
control field SK-KTurca
005 - DATE AND TIME OF LATEST TRANSACTION
control field 20260415142708.0
008 - FIXED-LENGTH DATA ELEMENTS--GENERAL INFORMATION
fixed length control field 250311s1965 xo a 000 p slo c
015 ## - NATIONAL BIBLIOGRAPHY NUMBER
National bibliography number SNBA1965/12-03241
020 ## - INTERNATIONAL STANDARD BOOK NUMBER
Qualifying information (viazané)
035 ## - SYSTEM CONTROL NUMBER
System control number SNK000306616
035 ## - SYSTEM CONTROL NUMBER
System control number urn:nbn:sk:snk-am3hfnj
035 ## - SYSTEM CONTROL NUMBER
System control number 9371E6F9-DD04-4674-966B-F3887EBA7C37
035 ## - SYSTEM CONTROL NUMBER
System control number urn:nbn:sk:snk-am00cynl
040 ## - CATALOGING SOURCE
Original cataloging agency SNK
Language of cataloging slo
Transcribing agency SNK
Description conventions AACR2
041 0# - LANGUAGE CODE
Language code of text/sound track or separate title slo
044 ## - COUNTRY OF PUBLISHING/PRODUCING ENTITY CODE
MARC country code xo
ISO country code SK
072 #7 - SUBJECT CATEGORY CODE
Subject category code 821.162.4-1
Subject category code subdivision Slovenská poézia
Source konspekt
080 ## - UNIVERSAL DECIMAL CLASSIFICATION NUMBER
Universal Decimal Classification number 821.162.4-1
Edition identifier 2011
080 ## - UNIVERSAL DECIMAL CLASSIFICATION NUMBER
Universal Decimal Classification number (0:82-1)
Edition identifier 2011
080 ## - UNIVERSAL DECIMAL CLASSIFICATION NUMBER
Universal Decimal Classification number (0:82-14)
Edition identifier 2011
100 1# - MAIN ENTRY--PERSONAL NAME
Personal name Turčány, Viliam,
Dates associated with a name 1928-2021
Relationship aut
245 10 - TITLE STATEMENT
Title V toku
Statement of responsibility, etc. Viliam Turčány ; [ilustrácie Terézia Kružlicová]
260 ## - PUBLICATION, DISTRIBUTION, ETC.
Place of publication, distribution, etc. Bratislava
Name of publisher, distributor, etc. Smena
Date of publication, distribution, etc. 1965
300 ## - PHYSICAL DESCRIPTION
Extent 91 strán
Other physical details ilustrácie
Dimensions 15 cm
366 ## - TRADE AVAILABILITY INFORMATION
Note 1 500 kusov
500 ## - GENERAL NOTE
General note Frontispice
655 #7 - INDEX TERM--GENRE/FORM
Genre/form data or focus term slovenská poézia
Source of term SNKPH
655 #7 - INDEX TERM--GENRE/FORM
Genre/form data or focus term lyrická poézia
Source of term SNKPH
655 #7 - INDEX TERM--GENRE/FORM
Genre/form data or focus term Slovaka poetry
Source of term SNKPHeng
655 #7 - INDEX TERM--GENRE/FORM
Genre/form data or focus term Lyric poetry
700 1# - ADDED ENTRY--PERSONAL NAME
Personal name Kružlicová, Terézia,
Dates associated with a name 1941-
Relationship ill
942 ## - ADDED ENTRY ELEMENTS (KOHA)
Source of classification or shelving scheme Dewey Decimal Classification
Koha item type Krásna literatúra pre dospelých
Suppress in OPAC No
Holdings
Stav vyradenia Strata Poškodenie Spôsob nadobudnutia Domovská knižnica Aktuálna knižnica Dátum nadobudnutia Total checkouts Čiarový kód exemplára Date last seen Typ exemplára
      Dar Obecná knižnica Horná Štubňa Obecná knižnica Horná Štubňa 15.04.2026   4736202221 15.04.2026 Krásna literatúra pre dospelých
Projekt je podporený Slovenskou asociáciou knižníc
Prevádzkuje Turčianska knižnica Martin 2026